Responses for show #1347 - Tuesday, June 12, 1990

Contestants

Ron Alper, an attorney from Baltimore, Maryland

Peggy Davis, a senior products consultant from Portland, Oregon

David Nixon, a personnel supervisor from San Antonio, Texas (whose 1-day cash winnings total $21,800)

Jeopardy! Round responses

1970
MOVIE TRIVIA
FOOTBALL
THE HUMAN BODY
CANADA
SPELLING
    $100 15
Sesame Street

David
    $100 2
Mae West

David
    $100 1
Vince Lombardi

Ron
    $100 12
(Ron: What is the spinal cord?)

the spinal column (the spine)

DavidRon
    $100 11
John the Baptist

David
    $100 14
U-R-U-G-U-A-Y

Ron
    $200 23
Supreme Court Justice

David
    $200 4
Debra Winger

David
    $200 3
the Bear

Peggy
    $200 13
the bloodstream

David
    $200 16
C-R-E-P-E

Peggy
    $500 26
(David: What is she was divorced?)
...
[The end-of-round signal sounds.]
[NOTE: Alex read the first name, Elizabeth.]

she was a woman

David
    $300 8
(Peggy: What is... oh, The Mousetrap?)

Sleuth

DavidPeggy
    $300 5
the Four Horsemen of the Apocalypse

David
    $300 17
(Peggy: What is smooth muscle?)

skeletal

DavidPeggy
    $300 18
(Ron: What is B-A-R-I-S-H-N-I-K-O-V?

B-A-R-Y-S-H-N-I-K-O-V?

Ron
Triple Stumper
    $400 25
Tom Wolfe

David
    $400 9
The Fly

Ron
    $400 6
the USFL

David
    $400 21
(David: What are the eyes?)
...
(Alex: We have less than a minute to go.)

the lungs

DavidPeggy
    $400 19
F-R-I-E-Z-E

David
    $500 24
William Kunstler

Peggy
    $500 10
(Peggy: What is Rain?)
(David: What is Rashomon?)

Ran

DavidPeggy
Triple Stumper
    $500 7
Oklahoma (or Nebraska)

David
    $500 22
the pancreas

David
    $500 20
[Applause]

S-E-S-Q-U-I-C-E-N-T-E-N-N-I-A-L

David

Scores at the first commercial break (after clue 13):

David Peggy Ron
$1,700 -$600 $400

Scores at the end of the Jeopardy! Round:

David Peggy Ron
$3,200 $200 $200

Double Jeopardy! Round responses

HISTORIC NAMES
CLASSICAL MUSIC
COUNTIES
TECHNOLOGY
WORLD RELIGIONS
LITERARY OCCUPATIONS
    $200 13
Admiral Nelson

Peggy
    $200 8
Beethoven

Ron
    $200 20
Will Rogers

David
    $200 6
photographs

David
    $200 4
(David: Who is a prophet?)

an apostle

DavidPeggy
    $200 1
vicar

Peggy
    $400 18
(Alex: We have less than a minute to go.)

Pocahontas

Peggy
    $400 9
Mozart

Ron
    $400 21
New Mexico

David
    $400 7
a pressure cooker

Ron
    $400 5
nirvana

David
    $400 2
Uriah Heep

Triple Stumper
    $600 19
Spain

David
    $600 10
(Ron: What are the "Etudes?")

Hungarian Rhapsodies

Ron
Triple Stumper
    $600 22
(David: [sounded like] Who is Mary Deere?)

Virginia Dare

DavidPeggy
    $600 14
(Peggy: Who are Seventh Day Adventists?)
(Ron: Who are the Jehovah Witnesses?)

Shakers

PeggyRon
Triple Stumper
    $600 3
(David: Who is Aladdin?)

Ali Baba

David
Triple Stumper
    $1,000 11
(Alex: "Prelude in C-sharp minor".)

Rachmaninoff

Ron
    $800 23
[The end-of-round signal sounds.]

Massachusetts

Ron
    $800 15
(Peggy: What is the Torah?)
(Ron: What is the Pentecost?)

Pentateuch

PeggyRon
Triple Stumper
    $500 17
(Peggy: Who are The Three Sisters?)

The Brothers Karamazov

Peggy
    $1000 12
(Ron: Who is...Debussy?)

Camille Saint-Saëns

Ron
Triple Stumper
    $1000 16
St. Teresa

Peggy

Scores at the end of the Double Jeopardy! Round:

David Peggy Ron
$3,600 $900 $0
(lock game)

[wagering suggestions for these scores]

Final Jeopardy! Round responses

REPUBLICANS
PeggyWho was Fremont?
$899
DavidWho was ____
$1,000
(John Charles) Fremont

Final scores:

David Peggy Ron
$2,600 $1,799 $0
2-day champion: $24,400 2nd place: trip on Delta to Hartford, Connecticut & stay at Sheraton Resort + Jeopardy! home game or Jeopardy! Challenger 3rd place: Iris Arc crystal + Jeopardy! home game or Jeopardy! Challenger

Game dynamics:

Coryat scores:

David Peggy Ron
$4,100 $1,400 -$200
21 R,
6 W
(including 1 DD)
10 R,
6 W
(including 1 DD)
8 R
(including 1 DD),
6 W

Combined Coryat: $5,300

The J! Archive is created by fans, for fans. The Jeopardy! game show and all elements thereof, including but not limited to copyright and trademark thereto, are the property of Jeopardy Productions, Inc. and are protected under law. This website is not affiliated with, sponsored by, or operated by Jeopardy Productions, Inc. Join the discussion at JBoard.tv.